000 00416nam a2200181Ia 4500
005 20250603144642.0
008 250603s9999 xx 000 0 und d
020 _a9789785557862
050 _aKP 95 .A2/
100 _aAbdullahi, Ibrahim
245 0 _aCivil litigation in Nigeria
260 _aLagos
260 _bMalthouse press ltd.
260 _c2018
300 _a218 p
650 _aLagos
942 _cBK
999 _c39550
_d39550